Loading...
Bullen and Leake's preceedents of pleading
| Main Author: | |
|---|---|
| Published: |
London
Stevens & sons
1950.
|
| Edition: | ed.10 |
| Subjects: |
| LEADER | 00545nam a22001577a 4500 | ||
|---|---|---|---|
| 074 | |a 1980 | ||
| 082 | |a 340.112 JEN'50 | ||
| 100 | |a Jenskine, George Kirkhouse |9 610 | ||
| 245 | |a Bullen and Leake's preceedents of pleading | ||
| 250 | |a ed.10 | ||
| 260 | |a London |b Stevens & sons |c 1950. | ||
| 300 | |a clxxxiv+973p. | ||
| 500 | |a Includes index. | ||
| 653 | |a Law |a Civil law |a Tort |a Contract law |a Recovery of land | ||
| 999 | |c 701 |d 701 | ||
| 952 | |0 0 |1 0 |2 udc |4 0 |6 340112_JEN50 |7 0 |9 950 |a NUALS |b NUALS |d 2009-09-18 |l 0 |o 340.112 JEN'50 |p 1980 |r 2009-09-18 |t 1 |w 2009-09-18 |y BOOKS | ||